| 000 | 00423nam a2200181Ia 4500 | ||
|---|---|---|---|
| 003 | OSt | ||
| 005 | 20250819123045.0 | ||
| 008 | 250729s2004 xx 000 0 und d | ||
| 040 | _cAL | ||
| 041 | _aeng | ||
| 082 | _a370.78 GUPR | ||
| 100 |
_aSingh U K _9221485 |
||
| 245 | _aTeaching of commerce | ||
| 260 |
_aNew Delhi _bA P H Publishing _c2004 |
||
| 300 | _a210p | ||
| 650 |
_aEducation _9221486 |
||
| 942 |
_2ddc _cBED |
||
| 999 |
_c235033 _d235033 |
||